000 00441nam a2200193Ia 4500
005 20240823040439.0
008 240823s9999||||xx |||||||||||||| ||und||
020 _a81-230-269-0
041 _aTAMIL
082 _A891.423 P9
100 _aRamalingam M
245 0 _aPozhuthu Pulurthathu
250 _a1st
260 _c2009
_bSahitya Ac
500 _aYES
650 _aPozhuthu Pularthathu
_bGeneral
942 _cBK
999 _c203127
_d203127